000 00402nam a22001217a 4500
008 230606b xxu||||| |||| 00| 0 eng d
082 _a342.1618
_b IPU
100 _cUgo Zampetti
_d2000
245 _aConstitution And Parliamentary Information
_bThe Role Of The Secretary General In The Administration Of Parliament
260 _aItaly
_bInter parliamentary Union
_c2000
300 _a260 p
942 _2ddc
_cBK
999 _c655
_d655